00285nam a2200121Ia 4500008004100000040001700041041001200058082001400070100001800084245002300102260002700125300001100152230917s9999||||xx |||||||||||||| ||und|| e155851aMAIN aEnglish aB J344M:I aMasani, Minoo 0aIs J.P. the answer aDelhibMacMillanc1975 a133 p.